COMPREHENSIVE TECHNICAL DOSSIER(CRD) OF MEDICINAL PLANT USED IN AYURVEDA BACOPA MONNIERI NO-06 (Record no. 25018)

MARC details
000 -LEADER
fixed length control field 00473nam a22001577a 4500
003 - CONTROL NUMBER IDENTIFIER
control field SGT
020 ## - INTERNATIONAL STANDARD BOOK NUMBER
International Standard Book Number 9789383864201
082 ## - DEWEY DECIMAL CLASSIFICATION NUMBER
Classification number 615.538
Item number C18D
100 ## - MAIN ENTRY--PERSONAL NAME
Personal name DHIMAN, K.S, ed
245 ## - TITLE STATEMENT
Title COMPREHENSIVE TECHNICAL DOSSIER(CRD) OF MEDICINAL PLANT USED IN AYURVEDA BACOPA MONNIERI NO-06
260 ## - PUBLICATION, DISTRIBUTION, ETC. (IMPRINT)
Place of publication, distribution, etc NEW DELHI
Name of publisher, distributor, etc CCRAS
Year of Publication 2018
300 ## - PAGE DESCRIPTION
No. of Pages 86
650 ## - SUBJECT ADDED ENTRY--TOPICAL TERM
Topical term or geographic name as entry element AYURVEDA
653 ## - KEYWORDS--INDEX TERM
Keyword term COMPREHENSIVE, TECHNICAL, DOSSIER, CRD, MEDICINAL, PLANT, BACOPA, MONNIERI
942 ## - ADDED ENTRY ELEMENTS (KOHA)
Source of classification or shelving scheme Dewey Decimal Classification
Koha item type Books
Holdings
Withdrawn status Lost status Source of classification or shelving scheme Damaged status Use restrictions Not for loan Collection code Home library Current library Shelving location Date acquired Vendor Name Cost, normal purchase price SGTU Bill Number Full call number Accession No. (Barcode) Date last seen Bill Date Koha item type
    Dewey Decimal Classification   Restricted Access   AYURVEDA SGT FA-FP Library SGT FA-FP Library Reference Book 08/09/2023 ABC, PVT.LTD 280.00 SGTU 16912 615.538 C18D FA11949 08/09/2023 17/06/2023 Books
    Dewey Decimal Classification   Restricted Access   AYURVEDA SGT FA-FP Library SGT FA-FP Library Reference Book 08/09/2023 ABC, PVT.LTD 280.00 SGTU 16912 615.538 C18D FA11950 08/09/2023 17/06/2023 Books